Score 0/121 Timer 04:00
1 Play Today
% Correct
A
98.8%
I
98.4%
A
98.4%
A
98.3%
I
97.9%
I
97.9%
A
97.9%
C
97.7%
S
97.6%
I
97.4%
R
97.3%
C
97.3%
C
97.2%
S
97.1%
S
97.1%
F
97.1%
P
96.9%
E
96.9%
O
96.9%
R
96.9%
M
96.8%
R
96.8%
C
96.8%
G
96.7%
S
96.6%
N
96.6%
F
96.6%
F
96.6%
P
96.4%
E
96.4%
O
96.4%
M
96.4%
P
96.4%
R
96.4%
E
96.4%
O
96.4%
M
96.3%
G
96.2%
N
96.2%
G
96.1%
N
96.1%
% Correct
F
96.1%
P
95.9%
E
95.9%
O
95.9%
M
95.9%
G
95.7%
N
95.7%
the
91.9%
sing
91.2%
sing
90.7%
sing
90.5%
song.
90.5%
sing
90.4%
song.
90.2%
sing
90.1%
song,
89.8%
song!
89.8%
sing
89.6%
song.
89.4%
campfire
87.4%
campfire
87.4%
you
86.3%
you
86.1%
you
85.9%
you
85.9%
you
85.1%
and
84.9%
it
84.8%
it
84.5%
And
84.5%
And
84.1%
if
83.3%
if
83%
if
82.9%
if
82.9%
if
82.1%
along.
81%
along.
80.5%
along.
80.1%
'round
78.8%
can
77.6%
% Correct
Let's
77.5%
can
77.3%
we
76.6%
just
76.4%
our
76.3%
we
76.3%
Our
76.1%
just
75.5%
just
75.4%
gather
75%
help
74%
help
73.9%
help
73.1%
help,
73.1%
faster,
72.5%
then
72.5%
then
72.2%
faster
72.2%
don't
71.8%
wrong,
71.6%
don't
71.4%
wrong,
71.3%
think
70.9%
think
70.6%
you're
70.4%
you're
70.2%
that
70%
that
69.7%
it'll
65.3%
it'll
65.1%
it'll
64.4%
It'll
64.3%
but
64.2%
but
64%
Patrick!
55%
Squidward!
54.2%
Oh
48.8%
yeah!
48.4%
Good!
45.9%
Remove Ads.
Support Sporcle.
Get the best of Sporcle when you Go Orange. This ad-free experience offers more features, more stats, and more fun while also helping to support Sporcle. Thank you for becoming a member.

You're not logged in!

Compare scores with friends on all Sporcle quizzes.
OR
Log In

Sporcle TV

Today on Sporcle TV


Watch our educational content, quiz creation guides, and fun videos on Sporcle TV.

Show Comments

Extras

Top Quizzes Today


Score Distribution

Paid Content

Your Account Isn't Verified!

In order to create a playlist on Sporcle, you need to verify the email address you used during registration. Go to your Sporcle Settings to finish the process.

Report this User

Report this user for behavior that violates our Community Guidelines.

Details: